Estadísticas para Los 5 Países Menos Poblados por Continente

Haz click aquí para tomar la prueba!

Estadísticas generales

  • Esta prueba ha sido tomada 2.034 veces
  • La puntuación promedio es 21 de 30

Estadísticas de respuestas

ContinentePoblaciónPaís% Correcto
Europa801Ciudad del Vaticano
95%
Europa32,000San Marino
90%
América del Sur771,000Guyana
89%
Europa37,900Mónaco
89%
América del Sur3,440,000Uruguay
88%
América del Sur548,000Surinam
88%
América del Sur6,730,000Paraguay
87%
Europa37,800Liechtenstein
86%
Europa69,200Andorra
86%
América del Sur10,900,000Bolivia
82%
Oceanía9,900Tuvalu
74%
Oceanía10,300Nauru
72%
América del Norte107,000Granada
71%
América del Norte92,700Antigua y Barbuda
70%
América del Norte110,000San Vicente y las
Granadinas
70%
África97,000Seychelles
70%
África527,000Cabo Verde
70%
América del Norte56,200San Cristóbal y Nieves
70%
Oceanía53,100Islas Marshall
68%
Oceanía105,000Est. Fed. de Micronesia
66%
Oceanía21,500Palaos
64%
América del Norte73,000Dominica
64%
África194,000Santo Tomé y Príncipe
63%
Asia429,000Brunéi
63%
África807,000Comoras
62%
Asia784,000Bután
61%
Asia1,210,000Timor Oriental
58%
Asia370,000Maldivas
56%
Asia1,180,000Chipre
37%
África870,000Guinea Ecuatorial
33%

Distribución de puntuación

Porcentaje por número respondido

Porcentaje de gente con cada puntuación

Historial de tus puntuaciones

No has tomado esta prueba